000 00878nam a2200241 a 4500
001 65176
003 BD-RjUL
005 20211209081408.0
008 170301s1954 ii |||| |||| 000 0 ben d
020 _c: Tk. 3.50
035 _a(BD-RjUL)65306
040 _aBD-RjUL
_bben
_cBD-RjUL
_dBD-RjUL
041 _aben
082 _223
_a891.443
_bSAK 1954
100 1 _aসান্যাল, প্রবোধকুমার
_9179515
245 1 0 _aকাদামাটির দুর্গ /
_cপ্রবোধকুমার সান্যাল,
250 _a২য় সং.
260 _aকলিকাতা :
_bবেঙ্গল পাবলিশার্স,
_c১৯৫৪ [১৩৬১]
300 _a২১২ পৃ. ;
_c১৭ সেমি.
650 _aবাংলা উপন্যাস
_9170454
650 _aBengali Fiction
_9170455
942 _2ddc
_cBK
999 _c65176
_d65176